| 000 | 00440nam a2200181 a 4500 | ||
|---|---|---|---|
| 001 | 486 | ||
| 003 | CDMR | ||
| 005 | 20130930173546.0 | ||
| 008 | 130130s1987||||||||||||||||||||||||||||d | ||
| 020 | _a8475521045 | ||
| 040 |
_aCDMR _bcat _cCDMR |
||
| 100 | 1 |
_aAlsius, Salvador _9340 |
|
| 245 | 1 | 0 | _aCom es fa un telenotícies |
| 260 |
_aBarcelona _c1987 _bOnda |
||
| 490 | 0 | _aL'Espiell | |
| 650 | 0 | 4 |
_93157 _aTelevisió _xNoticiaris |
| 942 |
_cMON _2udc |
||
| 999 |
_c486 _d486 |
||